Statystyki dla PGE EKSTRALIGA 2024

Kliknij tutaj aby rozwiązać quiz!

Ogólne statystyki

  • Ten quiz został rozwiązany 35 razy
    (34 od ostatniego zresetowania)
  • Średni wynik to 49 z 64

Statystyki odpowiedzi

NarodowośćŻużlowiecKlub% Poprawnych
POLJanusz KołodziejFogo Unia Leszno
96%
POLPiotr PawlickiEnea Falubaz Zielona Góra
96%
POLPrzemysław PawlickiEnea Falubaz Zielona Góra
96%
POLBartosz ZmarzlikPlatinum Motor Lublin
93%
AUSJason DoyleZOOleszcz GKM Grudziądz
93%
POLMaksym DrabikTauron Włókniarz Częstochowa
93%
SVKMartin Vaculikebut.pl Stal Gorzów
93%
AUSMax FrickeZOOleszcz GKM Grudziądz
93%
POLSzymon Woźniakebut.pl Stal Gorzów
93%
DENAnders Thomsenebut.pl Stal Gorzów
89%
RUSArtem LagutaBetard Sparta Wrocław
89%
POLDominik KuberaPlatinum Motor Lublin
89%
AUSJaimon LidseyZOOleszcz GKM Grudziądz
89%
POLJarosław HampelEnea Falubaz Zielona Góra
89%
POLKacper WorynaTauron Włókniarz Częstochowa
89%
DENLeon MadsenTauron Włókniarz Częstochowa
89%
POLMaciej JanowskiBetard Sparta Wrocław
89%
DENMikkel MichelsenTauron Włókniarz Częstochowa
89%
SWEFredrik LindgrenPlatinum Motor Lublin
85%
AUSJack HolderPlatinum Motor Lublin
85%
CZEJan KvechEnea Falubaz Zielona Góra
85%
POLKrzysztof LewandowskiKS Apator Toruń
85%
DENMads HansenTauron Włókniarz Częstochowa
85%
POLOskar Fajferebut.pl Stal Gorzów
85%
POLPatryk DudekKS Apator Toruń
85%
DENRasmus JensenEnea Falubaz Zielona Góra
85%
UKTai WoffindenBetard Sparta Wrocław
85%
POLAntoni MencelFogo Unia Leszno
81%
POLBartosz BańborPlatinum Motor Lublin
81%
POLBartosz SmektałaFogo Unia Leszno
81%
POLDamian RatajczakFogo Unia Leszno
81%
UKDaniel BewleyBetard Sparta Wrocław
81%
POLJakub Miśkowiakebut.pl Stal Gorzów
81%
POLKacper PludraZOOleszcz GKM Grudziądz
81%
AUSKeynan RewFogo Unia Leszno
81%
UKRobert LambertKS Apator Toruń
81%
POLGrzegorz ZengotaFogo Unia Leszno
78%
POLKacper HalkiewiczTauron Włókniarz Częstochowa
78%
POLKajetan KupiecTauron Włókniarz Częstochowa
78%
POLKevin MałkiewiczZOOleszcz GKM Grudziądz
78%
POLMateusz CierniakPlatinum Motor Lublin
78%
POLOskar Paluchebut.pl Stal Gorzów
78%
POLPaweł PrzedpełskiKS Apator Toruń
78%
POLBartłomiej KowalskiBetard Sparta Wrocław
74%
POLHubert JabłońskiFogo Unia Leszno
74%
POLKacper ŁobodzińskiZOOleszcz GKM Grudziądz
74%
POLMateusz AffeltKS Apator Toruń
74%
POLWiktor LampartKS Apator Toruń
74%
POLWiktor PrzyjemskiPlatinum Motor Lublin
74%
LATAndzejs LebedevsFogo Unia Leszno
70%
POLOskar HuryszEnea Falubaz Zielona Góra
70%
POLMichał CurzytekEnea Falubaz Zielona Góra
67%
POLJakub KrawczykBetard Sparta Wrocław
63%
POLJakub Stojanowskiebut.pl Stal Gorzów
63%
DENMathias Pollestadebut.pl Stal Gorzów
63%
POLVadim TarasenkoZOOleszcz GKM Grudziądz
63%
RUSEmil SayfutdinovKS Apator Toruń
56%
POLKacper AndrzejewskiBetard Sparta Wrocław
56%
POLOskar RumińskiKS Apator Toruń
48%
AUSFraser BowesPlatinum Motor Lublin
44%
POLSzymon LudwiczakTauron Włókniarz Częstochowa
44%
POLFilip SeniukBetard Sparta Wrocław
37%
POLKacper WardulińskiZOOleszcz GKM Grudziądz
30%
POLKacper RychlińskiEnea Falubaz Zielona Góra
22%

Rozkład punktacji

Percentyl według liczby udzielonych odpowiedzi

Procent ludzi z każdym wynikiem

Twoja historia wyników

Nie rozwiązałeś tego quizu od ostatniego zresetowania